Statistics for Countries Bordering Austria by Border Length

Click here to take the quiz!

General Stats

  • This quiz has been taken 58 times
  • The average score is 8 of 8

Answer Stats

Length Country % Correct
784 kmGermany
100%
430 kmItaly
100%
366 kmHungary
98%
362 kmCzech Republic
98%
164 kmSwitzerland
98%
330 kmSlovenia
96%
91 kmSlovakia
96%
35 kmLiechtenstein
95%

Score Distribution

Percentile by Number Answered

Percent of People with Each Score

Your Score History

You have not taken this quiz